Retrouve le titre de la musique disney/pixar #1 - Statistiques

Statistiques générales
  • Ce quiz a été pris 830 fois
  • Le résultat moyen est 4 sur 10
Statistiques - réponses
Hint Paroles Réponses % Correct
7 Vous ne serez jamais vaillants et forts comme des hommes rentrez chez vous. Comme un homme (Mulan)
86%
6 Ébloui par le dieu soleil, à l'infini tu t'éveilles aux merveilles de la terre. L'histoire de la vie (Le roi lion)
74%
1 Il est intimidé, il n'ose pas l'embrasser... Embrasse là (La petite sirène)
68%
9 Laissez entrer cet air, il sent si bon et mettez les petits plats dans les grands. Le renouveau (La reine des neiges)
54%
4 Passez commande au creux de mon oreille, je me coupe en quatre pour mes amis. Je suis ton meilleur ami (Aladdin)
43%
3 Mon bébé si joli, maman veille, mon petit. Mon tout petit (Dumbo)
42%
10 Tout ce temps à rêver jour et nuit, tout ce temps à chasser l'ennui. Je veux y croire (Raiponce)
32%
2 Quand elle était triste c'est moi qui séchait ses pleurs et lorsqu'elle était gaie je riais. Quand elle m'aimait (Toy story 2)
23%
5 Être plus mature c'est se sentir bien plus sûr. Quand je serai plus grand (La reine des neiges 2)
4%
8 Regarde le beau soleil se coucher et regarde cette petite fille qui en pince pour toi. J'peux pas te laisser (Toy story 4)
2%
Aucun quiz correspondant
Distribution des résultats
% des personnes avec chaque résultat
Percentile par nombre de réponses
Votre historique - résultats
Vous n’avez pas pris ce quiz